banner-ar

DISTANT NEIGHBOURS: THE POLITICAL ECONOMY RELATIONS BETWEEN EUROPE AND THE MIDDLE EAST / (Record no. 13950)

MARC details
000 -الفاتح
حقل البيانات ثابتة الطول 00588nam a2200193Ia 4500
008 - عناصر البيانات ثابتة الطول - معلومات عامة
حقل البيانات ثابتة الطول 140319s9999 xx 000 0 eng d
040 ## - مصدر الفهرسة
وكالة الفهرسة الأصلية GCL /
وكالة النسخ GCL
082 04 - رقم تصنيف ديوى العشرى
رقم التصنيف 337.4056
رقم المادة A
100 1# - المدخل الرئيسى - إسم شخصى
الإسم الشخصى AYUBI, N. NAZIH
245 10 - بيان العنوان
العنوان DISTANT NEIGHBOURS: THE POLITICAL ECONOMY RELATIONS BETWEEN EUROPE AND THE MIDDLE EAST /
بيان المسئوليه,etc AYUBI, N. NAZIH
260 ## - PUBLICATION, DISTRIBUTION, ETC. (IMPRINT)
تاريخ النشر أو التوزيع 1995
300 ## - الوصف المادى
التعداد 413 P
650 04 - المدخل الاضافى بالموضوع-مصطلح موضوعى
مصطلح موضوعي EUROPE
650 04 - المدخل الاضافى بالموضوع-مصطلح موضوعى
مصطلح موضوعي ECONOMIC RELATIONS, FOREIGN
650 04 - المدخل الاضافى بالموضوع-مصطلح موضوعى
مصطلح موضوعي INTERNATIONAL ECONOMIC RELATIONS
650 04 - المدخل الاضافى بالموضوع-مصطلح موضوعى
مصطلح موضوعي MIDDLE EAST
942 ## - عناصر المدخل الإضافي( كوها)
مصدر التصنيف او مخطط الترفيف Dewey Decimal Classification
Koha [default] item type كتاب
260 ## - PUBLICATION, DISTRIBUTION, ETC. (IMPRINT)
-- [S.N] :
-- GARNET PUBLISHINGG LIMITED ،
Holdings
حالة التراجع حالة الفقد حالة تلف ليس للاعارة المكان المؤقت الموقع الحالى تاريخ الاكتساب اجمالي اﻻعارات رقم الطلب الباركود تاريخ اخر مشاهدة تاريخ تفعيل السعر نوع وعاء كوها
        مكتبة القاهرة الكبرى مكتبة القاهرة الكبرى 03/26/2014   337.4056\A 26379 03/26/2014 03/26/2014 كتاب

Powered By

EGPV